| 000 | 01133nam a2200277 4500 | ||
|---|---|---|---|
| 001 | 127131 | ||
| 003 | ES-MaACL | ||
| 005 | 20251015063127.0 | ||
| 007 | t| | ||
| 008 | 070214s1964 sp r ||||1| spa d | ||
| 080 | _a(038)=133.1=134.2 | ||
| 100 |
_aReyes, Rafael, _d1879-1947 _9193680 |
||
| 245 | 1 | 0 |
_aDiccionario francés-español y español-francés / _cRafael Reyes. |
| 250 | _a31ª ed. | ||
| 260 |
_aMadrid : _bReyes, _c1964. |
||
| 300 |
_a1600 p. ; _c17 cm. |
||
| 650 | 4 |
_aLengua francesa- _vDiccionarios- _xEspañol. _914213 |
|
| 650 | 4 |
_aLengua española- _vDiccionarios- _xFrancés. _914145 |
|
| 800 |
_t _9239743 |
||
| 852 | 4 |
_aES-MaACL _jA-5424 _xExpurgado en 2022: ejemplar deteriorado; ejemplar falto de paginas; |
|
| 852 | 4 |
_aES-MaACL _jG-16129 _xEncuadernación cartoné _9131800 _cDEPO2 _d Olim: 5426 _zEncuadernación deteriorada, falta tapa anterior. |
|
| 852 | 4 |
_aES-MaACL _jA-5427 _xExpurgado en 2022: ejemplar deteriorado; ejemplar falto de paginas. |
|
| 942 |
_2udc _cMONOGRAFIA _n0 |
||
| 999 |
_c127131 _d127131 |
||